|
|
|
|
| LEADER |
02520nam a2200637 4500 |
| 001 |
ocn828424186 |
| 003 |
OCoLC |
| 005 |
20170124071556.4 |
| 006 |
m o d |
| 007 |
cr cnu---unuuu |
| 008 |
130225s2011 enka ob 001 0 eng d |
| 040 |
|
|
|a N$T
|b eng
|e pn
|c N$T
|d DG1
|d IDEBK
|d E7B
|d NLGGC
|d YDXCP
|d OCLCQ
|d COO
|d OCLCQ
|d DG1
|d GrThAP
|
| 020 |
|
|
|a 9781118601242
|q (electronic bk.)
|
| 020 |
|
|
|a 1118601246
|q (electronic bk.)
|
| 020 |
|
|
|a 9781118601341
|q (electronic bk.)
|
| 020 |
|
|
|a 1118601343
|q (electronic bk.)
|
| 020 |
|
|
|z 9781848212411
|
| 020 |
|
|
|z 1848212410
|
| 029 |
1 |
|
|a AU@
|b 000050718460
|
| 029 |
1 |
|
|a CHBIS
|b 010441794
|
| 029 |
1 |
|
|a CHVBK
|b 334086671
|
| 029 |
1 |
|
|a DEBBG
|b BV041049605
|
| 029 |
1 |
|
|a DEBBG
|b BV041875839
|
| 029 |
1 |
|
|a DEBBG
|b BV041906310
|
| 029 |
1 |
|
|a NZ1
|b 15915752
|
| 035 |
|
|
|a (OCoLC)828424186
|
| 050 |
|
4 |
|a RC78.7.D53
|b P46 2011eb
|
| 060 |
|
4 |
|a 2011 H-132
|
| 060 |
|
4 |
|a WN 180
|
| 072 |
|
7 |
|a MED
|x 018000
|2 bisacsh
|
| 072 |
|
7 |
|a MED
|x 019000
|2 bisacsh
|
| 082 |
0 |
4 |
|a 616.07/54
|2 23
|
| 049 |
|
|
|a MAIN
|
| 245 |
0 |
0 |
|a Photon-based medical imagery /
|c edited by Hervé Fanet.
|
| 264 |
|
1 |
|a London, UK :
|b ISTE ;
|c 2011.
|
| 264 |
|
1 |
|a Hoboken, NJ :
|b John Wiley & Sons,
|c 2011.
|
| 300 |
|
|
|a 1 online resource (xii, 329 pages) :
|b illustrations.
|
| 336 |
|
|
|a text
|b txt
|2 rdacontent
|
| 337 |
|
|
|a computer
|b c
|2 rdamedia
|
| 338 |
|
|
|a online resource
|b cr
|2 rdacarrier
|
| 490 |
1 |
|
|a Digital signal and image processing series
|
| 504 |
|
|
|a Includes bibliographical references and index.
|
| 505 |
0 |
|
|a Interactions between radiation and matter: consequences for detection and medical imaging -- Detectors for medical imaging -- Quantification of digital radiography image processing -- X-ray tomography -- Positron-emission tomography: principles and applications -- Single photon imaging -- Optical imaging.
|
| 588 |
0 |
|
|a Print version record.
|
| 650 |
|
0 |
|a Diagnostic imaging.
|
| 650 |
|
0 |
|a Photons
|x Diagnostic use.
|
| 650 |
|
2 |
|a Diagnostic Imaging.
|
| 650 |
|
2 |
|a Photons.
|
| 650 |
|
7 |
|a MEDICAL
|x Diagnosis.
|2 bisacsh
|
| 650 |
|
7 |
|a MEDICAL
|x Diagnostic Imaging.
|2 bisacsh
|
| 655 |
|
4 |
|a Electronic books.
|
| 700 |
1 |
|
|a Fanet, Hervé.
|
| 776 |
0 |
8 |
|i Print version:
|t Photon-based medical imagery.
|d London, UK : ISTE ; Hoboken, NJ : John Wiley & Sons, 2011
|z 9781848212411
|w (DLC) 2011012245
|w (OCoLC)716760728
|
| 830 |
|
0 |
|a Digital signal and image processing series.
|
| 856 |
4 |
0 |
|u https://doi.org/10.1002/9781118601242
|z Full Text via HEAL-Link
|
| 994 |
|
|
|a 92
|b DG1
|